Nommez les champions du monde de Formule 1 des 25 dernières années - Statistiques

Statistiques générales
  • Ce quiz a été pris 74 fois
  • Le résultat moyen est 23 sur 25
Statistiques - réponses
Hint Réponse % Correct
2020 Lewis Hamilton
98%
2019 Lewis Hamilton
98%
2018 Lewis Hamilton
98%
2017 Lewis Hamilton
98%
2015 Lewis Hamilton
98%
2014 Lewis Hamilton
98%
2008 Lewis Hamilton
98%
2024 Max Verstappen
95%
2023 Max Verstappen
95%
2022 Max Verstappen
95%
2021 Max Verstappen
95%
2013 Sebastian Vettel
93%
2012 Sebastian Vettel
93%
2011 Sebastian Vettel
93%
2010 Sebastian Vettel
93%
2006 Fernando Alonso
92%
2005 Fernando Alonso
92%
2004 Michael Schumacher
92%
2003 Michael Schumacher
92%
2002 Michael Schumacher
92%
2001 Michael Schumacher
92%
2000 Michael Schumacher
92%
2016 Nico Rosberg
92%
2007 Kimi Räikkönen
83%
2009 Jenson Button
78%
Aucun quiz correspondant
Distribution des résultats
% des personnes avec chaque résultat
Percentile par nombre de réponses
Votre historique - résultats
Vous n’avez pas pris ce quiz